| 000 | 00882cam a22002773a 4500 | ||
|---|---|---|---|
| 001 | 39547 | ||
| 003 | PGUSA | ||
| 005 | 20140828083858.0 | ||
| 008 | 120427s2012||||xxu|||||s|||||000 1 eng d | ||
| 040 |
_aPGUSA _beng |
||
| 042 | _adc | ||
| 050 | 4 | _aPR | |
| 100 | 1 |
_aHope, Anthony, _d1863-1933 |
|
| 245 | 1 | 0 |
_aBeaumaroy Home from the Wars _h[electronic resource] / _cAnthony Hope |
| 260 |
_bProject Gutenberg, _c2012 |
||
| 500 | _aAlso published under the title: The Secret of the Tower. | ||
| 506 | _aPublic domain in the USA. | ||
| 516 | _aElectronic text | ||
| 653 | _aMystery fiction | ||
| 653 | _aEngland -- Social life and customs -- 20th century -- Fiction | ||
| 653 | _aWorld War, 1914-1918 -- Veterans -- Fiction | ||
| 653 | _aWomen physicians -- Fiction | ||
| 830 | 0 |
_aProject Gutenberg _v39547 |
|
| 856 | 4 | 0 | _uhttp://www.gutenberg.org/ebooks/39547 |
| 942 | _cEB | ||
| 999 |
_c268800 _d268800 |
||